000 02105cam a22004934i 4500
003 PE-LiUPU
005 20250731173430.0
008 150706s2012 ag rb 000 0 spa d
020 _a9875573353
020 _a9789875573352
035 _a(Sirsi) i9789875573352
040 _aPE-LiUPU
_bspa
_cPE-LiUPU
_dPE-LiUPU
_erda
049 _aPRUA
082 0 4 _a248.4
_bP32
_221
100 1 _aPax-Harry, Obii,
_eautor.
245 1 0 _aCompromiso profético :
_bel mandato de Isacar /
_cObii Pax - Harry.
264 1 _aBuenos Aires :
_bPeniel,
_c2012.
300 _a208 páginas ;
_c23 centímetros
336 _atext
_2rdacontent
337 _aunmediated
_2rdamedia
338 _avolume
_2rdacarrier
500 _aPublicado originalmente en inglés bajo el título Prophetic Engagement.
504 _aIncluye bibliografía.
505 0 _aReducir las distancias -- Interpretar las transiciones -- Tiempo de pasar al otro lado -- La vida en el Espíritu -- Fe: liberar el Reino sobrenatural -- Intimidad con Cristo -- Asociarse con el cielo -- Dones espirituales -- Don de profecía -- La profecía: aún es importante en la actualidad -- ¿Don u oficio? -- Esferas de influencia -- Funciones de la profecía -- El valor de la profecía -- Ejercer el don de profecía -- Expectativas proféticas -- La profecía y las lenguas.
526 _aSEG42
526 _aSEG41
526 _aSEG40
526 _aSEG39
526 _aP94
526 _aP87
526 _aP86
526 _aP85
526 _aP77
526 _aP76
526 _aP35
541 _g001-0000627;
650 0 4 _aVida Cristiana.
910 _cbd
_d20130506
942 _2ddc
_cBOOK
949 _a248.4 P32
_wDEWEY
_c1
_i67079
_lCCODEBUL1
_mBUL
_p13.00
_r0
_sY
_tBOOK
_u2015-7-6
_xTEOLOGIA
_PP35
_o.STAFF. Colección General
994 _aC0
_bPEPRU
596 _a1
999 _a248.4 P32
_wDEWEY
_c54787
_i67079
_f2021-11-10
_g5
_lCCODEBUL1
_mBUL
_p13.00
_r0
_sY
_tBOOK
_u2015-7-6
_xTEOLOGIA
_PP35
_0COMPRA
_o.STAFF. Colección Teología
_d54787
980 _81
_gALBERTO SANCHEZ Responsable de Automatización